000 00843cab a2200253 4500
001 WB3307-26
008 090401t1997 xxu||||| |||| 00| 0 eng d
035 _a(Sirsi) u49564
041 _aeng
245 _aFlexibility means lettings success
260 _c1997
350 _a0
490 _aScotsman
_v13 February 1997, 2.2(1)
520 _aThe Association of Residential Letting Agents welcomes the Housing Act 1996 and the provisions for the creation of assured shorthold tenancies which come into force end of February 1997.
650 _aARLA
650 _aASSOCIATION OF RESIDENTIAL LETTING AGENTS
650 _aASSURED SHORTHOLD TENANCIES
650 _aHOUSING ACT 1996
650 _aPRIVATE RENTED SECTOR
650 _aRESIDENTIAL LETTINGS
690 _aLandlord and tenant
_96252
942 _n0
948 _c04/03/1997
999 _c31025
_d31025